[Event "6eme Open d'Echecs de Saint-Chely d'Aub"]
[Site "Saint-Chely d'Aubrac (12)"]
[Date "2006.07.18"]
[Round "5.1"]
[White "Mullon, Jean-Baptiste"]
[Black "Grigore, George-Gabriel"]
[Result "1/2-1/2"]
[WhiteElo "2375"]
[BlackElo "2472"]
[PlyCount "51"]

1. e4 c5 2. Nf3 Nc6 3. d4 cxd4 4. Nxd4 e5 5. Nb5 d6 6. N1c3 a6 7. Na3 Be6 8.
Nc4 b5 9. Ne3 Nf6 10. g3 g6 11. Bg2 Bg7 12. O-O O-O 13. a4 b4 14. Ncd5 Bxd5 15.
Nxd5 Nxd5 16. Qxd5 Nd4 17. c3 bxc3 18. bxc3 Ne2+ 19. Kh1 19... Nxc1 {(=)} 20.
Raxc1 Rb8 21. Rfd1 Qd7 22. Ra1 Rfd8 23. Bf1 Qa7 24. Ra2 a5 25. Kg2 Bf8 26. Bb5
1/2-1/2

[Event "6eme Open d'Echecs de Saint-Chely d'Aub"]
[Site "Saint-Chely d'Aubrac (12)"]
[Date "2006.07.18"]
[Round "5.2"]
[White "Degraeve, Jean-Marc"]
[Black "Karpatchev, Aleksandr"]
[Result "1/2-1/2"]
[WhiteElo "2540"]
[BlackElo "2533"]
[PlyCount "93"]

1. e4 e5 2. Nf3 Nc6 3. Bb5 a6 4. Ba4 Nf6 5. O-O b5 6. Bb3 Bc5 7. c3 d6 8. d4
Bb6 9. a4 Bg4 10. axb5 axb5 11. Rxa8 Qxa8 12. d5 Ne7 13. Qd3 O-O 14. Na3 Nd7
15. Qxb5 Nc5 16. Bc2 f5 17. Bg5 Ng6 18. exf5 Bxf5 19. Bxf5 Rxf5 20. Be3 Qf8 21.
Nd2 Nf4 22. Bxf4 Rxf4 23. Nac4 Ba7 24. Qa5 Bb8 25. g3 Rf7 26. Qa8 Qe8 27. Na5
Rf8 28. Nc6 Qh5 29. Qa1 Qe2 30. Qd1 Qd3 31. Re1 Kh8 32. Nf1 Qb5 33. Qe2 Nd3 34.
Rd1 e4 35. Nd4 Qxd5 36. Ne3 Qb7 37. Rf1 Ba7 38. Nec2 d5 39. b4 c5 40. bxc5 Bxc5
41. f3 Qb2 42. fxe4 Rxf1+ 43. Kxf1 Qxc3 44. exd5 h6 45. Qe8+ Kh7 46. Qe4+ Kh8
47. Qe8+ 1/2-1/2

[Event "6eme Open d'Echecs de Saint-Chely d'Aub"]
[Site "Saint-Chely d'Aubrac (12)"]
[Date "2006.07.18"]
[Round "5.3"]
[White "Meijers, Viesturs"]
[Black "Lagunes, Jean-Renaud"]
[Result "1-0"]
[WhiteElo "2474"]
[BlackElo "2151"]
[PlyCount "69"]

1. e4 d5 2. exd5 Qxd5 3. d4 Qa5+ 4. c3 Nf6 5. Bd3 Bf5 6. Bxf5 Qxf5 7. Nf3 Nbd7
8. O-O e6 9. Qb3 O-O-O 10. Na3 Bxa3 11. Qxa3 Kb8 12. c4 h6 13. Be3 Ng4 14. Rac1
f6 15. Rc3 Nb6 16. Qb4 c6 17. Rb3 Rd7 18. a4 Nxe3 19. fxe3 Qc2 20. a5 Nc8 21.
a6 Rhd8 22. axb7 Nd6 23. Rc3 Qg6 24. Qa5 Nxb7 25. Qa6 Rc7 26. c5 Kc8 27. Rb3
Qc2 28. Rb4 e5 29. Qxa7 e4 30. Nh4 Qd2 31. Rb3 Na5 32. Qa6+ Kd7 33. Ra3 Nb7 34.
Qc4 Ke7 35. Ng6+ 1-0

[Event "6eme Open d'Echecs de Saint-Chely d'Aub"]
[Site "Saint-Chely d'Aubrac (12)"]
[Date "2006.07.18"]
[Round "5.4"]
[White "Riff, Jean-Noel"]
[Black "Laine, Patrice"]
[Result "1-0"]
[WhiteElo "2444"]
[BlackElo "2060"]
[PlyCount "51"]

1. e4 c5 2. Nc3 e6 3. Nf3 a6 4. d4 cxd4 5. Nxd4 Qc7 6. Bd3 b5 7. O-O b4 8. Nb1
Bb7 9. Qe2 Nc6 10. Nxc6 Qxc6 11. c4 Bc5 12. Nd2 a5 13. Nf3 Ne7 14. Re1 d6 15.
e5 d5 16. cxd5 Qxd5 17. Rd1 Kf8 18. Bg5 h6 19. Bxe7+ Kxe7 20. Bb5 Qe4 21. Rd7+
Kf8 22. Qd2 Bd5 23. Re1 Qg6 24. Bd3 Qh5 25. Be4 Ke8 26. Bxd5 1-0

[Event "6eme Open d'Echecs de Saint-Chely d'Aub"]
[Site "Saint-Chely d'Aubrac (12)"]
[Date "2006.07.18"]
[Round "5.5"]
[White "Saucey, Michel"]
[Black "Larand, Manuel"]
[Result "1/2-1/2"]
[WhiteElo "2342"]
[BlackElo "2078"]
[PlyCount "48"]

1. c4 e5 2. Nc3 Nc6 3. g3 g6 4. Nf3 Bg7 5. Bg2 Nge7 6. d3 O-O 7. O-O h6 8. Rb1
f5 9. Bd2 9... a5 {(=)} 10. a3 d6 11. b4 axb4 12. axb4 g5 13. b5 Nb8 14. Ne1
Nd7 15. Nc2 Nc5 16. Nb4 Kh8 17. Ncd5 f4 18. b6 c6 19. Nc7 Rb8 20. Bc3 Bf5 21.
Na2 21... Nc8 {(=)} 22. Ba5 g4 23. Nb4 Qg5 24. Re1 Qg6 1/2-1/2

[Event "6eme Open d'Echecs de Saint-Chely d'Aub"]
[Site "Saint-Chely d'Aubrac (12)"]
[Date "2006.07.18"]
[Round "5.6"]
[White "Boudre, Jean-Pierre"]
[Black "Labarthe, Arnaud"]
[Result "1-0"]
[WhiteElo "2315"]
[BlackElo "2044"]
[PlyCount "67"]

1. e4 d5 2. exd5 Qxd5 3. Nc3 Qd8 4. Bc4 Nf6 5. Nf3 c6 6. d4 Bf5 7. Ne5 e6 8.
O-O Nbd7 9. f4 Bb4 10. Ne2 Nxe5 11. fxe5 Nd5 12. c3 Be7 13. a4 Bg5 14. Bxd5
cxd5 15. Bxg5 Qxg5 16. Nf4 O-O 17. Qf3 Be4 18. Qf2 Qe7 19. Rae1 Rac8 20. Qd2
Qd7 21. Re3 Kh8 22. h4 b5 23. axb5 Qxb5 24. h5 Qd7 25. h6 g6 26. Qf2 Qe7 27.
Nh5 Bf5 28. Qg3 a5 29. Nf6 a4 30. Nxd5 exd5 31. Rxf5 a3 32. bxa3 Rg8 33. Rf1
Ra8 34. Qf3 1-0

[Event "6eme Open d'Echecs de Saint-Chely d'Aub"]
[Site "Saint-Chely d'Aubrac (12)"]
[Date "2006.07.18"]
[Round "5.7"]
[White "Hassler, Franck"]
[Black "Desboeufs, Alexandre"]
[Result "1-0"]
[WhiteElo "2222"]
[BlackElo "2028"]
[PlyCount "77"]

1. Nf3 Nf6 2. g3 d5 3. Bg2 e6 4. O-O Be7 5. d3 c5 6. Nbd2 Nc6 7. e4 dxe4 8.
dxe4 e5 9. c3 O-O 10. Qc2 Qc7 11. Nc4 Be6 12. Ne3 Rad8 13. Re1 Ng4 14. Nf5 Rfe8
15. h3 Nf6 16. Bf1 a6 17. Be3 b5 18. a4 c4 19. axb5 axb5 20. Nxe7+ Qxe7 21. Ra6
Qd7 22. Rea1 Nxe4 23. Bb6 Nb8 24. Ra7 Qd5 25. Bxd8 Rxd8 26. Be2 Nd7 27. Rd1 Qc5
28. Qxe4 Qxa7 29. Nxe5 Qc7 30. Nxd7 Bxd7 31. Qe7 g6 32. Bg4 h5 33. Rxd7 Rxd7
34. Bxd7 h4 35. gxh4 Qf4 36. Qe3 Qxh4 37. Bxb5 g5 38. Bc6 Qh6 39. Bd5 1-0

[Event "6eme Open d'Echecs de Saint-Chely d'Aub"]
[Site "Saint-Chely d'Aubrac (12)"]
[Date "2006.07.18"]
[Round "5.8"]
[White "Furrer, Marc"]
[Black "Lagunes, Robin"]
[Result "1-0"]
[WhiteElo "2184"]
[BlackElo "1803"]
[PlyCount "67"]

1. e4 d6 2. d4 g6 3. Be2 Bg7 4. h4 Nd7 5. h5 c5 6. d5 Qb6 7. c3 Ndf6 8. h6 Bf8
9. f3 Bd7 10. g4 Bb5 11. c4 Ba6 12. b3 O-O-O 13. g5 Nd7 14. Bb2 f6 15. f4 Re8
16. Kf1 e5 17. dxe6 Rxe6 18. Qd5 Re8 19. Bg4 Qd8 20. Nd2 Kb8 21. Bf3 Ka8 22. a3
Ne7 23. Qf7 Bxh6 24. gxh6 Rhf8 25. Qxh7 Rh8 26. Qf7 Rhf8 27. Qe6 Nf5 28. exf5
Rxe6 29. fxe6 Nb6 30. Re1 Qe7 31. h7 Rh8 32. Bxf6 Qxf6 33. e7 Qf7 34. e8=Q+ 1-0

[Event "6eme Open d'Echecs de Saint-Chely d'Aub"]
[Site "Saint-Chely d'Aubrac (12)"]
[Date "2006.07.18"]
[Round "5.10"]
[White "Duffau, Pascal"]
[Black "Riff, Vincent"]
[Result "0-1"]
[WhiteElo "2040"]
[BlackElo "2328"]
[PlyCount "114"]

1. Nf3 Nf6 2. c4 e6 3. Nc3 c5 4. d4 cxd4 5. Nxd4 Nc6 6. e4 Bb4 7. Nxc6 bxc6 8.
Qd4 d6 9. Be2 e5 10. Qd3 Nd7 11. Bd2 Nc5 12. Qg3 O-O 13. Bd3 Rb8 14. Bc2 Ne6
15. O-O Nd4 16. Bd1 Be6 17. b3 f5 18. exf5 Nxf5 19. Qd3 d5 20. cxd5 cxd5 21.
Bg4 Qd7 22. Rad1 Bc5 23. Bc1 Rbd8 24. Na4 Be7 25. Bb2 d4 26. Rc1 Rc8 27. Rfe1
Bd6 28. Bf3 Ne7 29. Be4 Nd5 30. Bxh7+ Kh8 31. Rxc8 Rxc8 32. Be4 Nf4 33. Qa6 Qe7
34. Bc1 Nh5 35. Qe2 Nf6 36. Bb1 Qf7 37. Bd2 Rf8 38. Nb2 e4 39. Nc4 Bxh2+ 40.
Kxh2 Ng4+ 41. Kg1 Qh5 42. Qxg4 Bxg4 43. Rxe4 Bf5 44. Re1 Bxb1 45. Rxb1 Qe2 46.
Rf1 Qd3 47. Re1 Qc2 48. Ra1 Rc8 49. Bf4 d3 50. Be3 Rxc4 51. bxc4 d2 52. Bxd2
Qxd2 53. c5 Qc3 54. Rd1 Qxc5 55. Rd7 a5 56. g3 Qc1+ 57. Kh2 Qc2 0-1

[Event "6eme Open d'Echecs de Saint-Chely d'Aub"]
[Site "Saint-Chely d'Aubrac (12)"]
[Date "2006.07.18"]
[Round "5.11"]
[White "Ritzenthaler, Stephane"]
[Black "Humeau, Cyril"]
[Result "0-1"]
[WhiteElo "2007"]
[BlackElo "2095"]
[PlyCount "60"]

1. e4 e5 2. Nf3 Nc6 3. Nc3 Nf6 4. Bc4 Nxe4 5. Nxe4 d5 6. Bb5 (6. Bd3 dxe4 7.
Bxe4 $11) 6... dxe4 7. Nxe5 Qg5 8. d4 Qxg2 9. Rf1 a6 10. Bxc6+ bxc6 11. Qh5 g6
12. Qe2 (12. Nxg6 hxg6 13. Qe5+ Be6 14. Qxh8 Bh3 15. Qe5+ Kd7 16. Bf4 Qxf1+ 17.
Kd2 Qxf2+ 18. Kc3 Bd6) 12... Bh3 13. Nxc6 Qxf1+ 14. Qxf1 Bxf1 15. Kxf1 Bd6 16.
Kg2 f5 17. c4 Kd7 18. d5 g5 19. Be3 Bf4 20. Bd4 Rhg8 21. Re1 Rg6 22. f3 Re8 23.
Rh1 Rh6 24. fxe4 Rxe4 25. h3 g4 26. h4 Re2+ 27. Kf1 Rc2 28. Rg1 Rxh4 29. Nb8+
Kc8 30. Nxa6 Rhh2 0-1

[Event "6eme Open d'Echecs de Saint-Chely d'Aub"]
[Site "Saint-Chely d'Aubrac (12)"]
[Date "2006.07.18"]
[Round "5.12"]
[White "Tassetti, Matthieu"]
[Black "Boulier, Rene"]
[Result "1-0"]
[WhiteElo "1979"]
[BlackElo "1993"]
[PlyCount "67"]

1. Nf3 b6 2. g3 Bb7 3. Bg2 Nf6 4. O-O e6 5. d3 d5 6. Nbd2 c5 7. c3 Bd6 8. Qc2
Nc6 9. Re1 O-O 10. e4 Qc7 11. Nf1 dxe4 12. dxe4 h6 13. Ne3 b5 14. a4 b4 15. Nc4
Be7 16. Bf4 Qc8 17. Nd6 Bxd6 18. Bxd6 Rd8 19. Bxc5 Nd7 20. Be3 Na5 21. Nd4 e5
22. Nf5 Qc7 23. Qe2 Nb3 24. Qg4 g6 25. Nxh6+ Kf8 26. Rad1 bxc3 27. bxc3 Ndc5
28. Qh4 Nd3 29. Ng4 Rd6 30. Qh8+ Ke7 31. Bg5+ Kd7 32. Nxe5+ Nxe5 33. Qxe5 Rxd1
34. Rxd1+ 1-0

[Event "6eme Open d'Echecs de Saint-Chely d'Aub"]
[Site "Saint-Chely d'Aubrac (12)"]
[Date "2006.07.18"]
[Round "5.13"]
[White "Della Ragione, Enzo"]
[Black "Jouet-Pastre, Alban"]
[Result "1/2-1/2"]
[WhiteElo "1720"]
[BlackElo "1972"]
[PlyCount "86"]

1. c4 Nf6 2. Nc3 e6 3. d4 d5 4. cxd5 exd5 5. g3 c6 6. Bg2 Bf5 7. Nf3 Nbd7 8.
O-O Be7 9. Ng5 O-O 10. e4 dxe4 11. Ngxe4 Nxe4 12. Nxe4 Nb6 13. Nc3 Qc8 14. Re1
Bf6 15. Ne4 Bxe4 16. Rxe4 Qd7 17. Qg4 Rad8 18. Be3 Qxg4 19. Rxg4 Rfe8 20. Rd1
Nd5 21. Bg5 h5 22. Bxf6 Nxf6 23. Rg5 Re2 24. Ra5 Rxb2 25. Rxa7 h4 26. gxh4 Re8
27. Bf3 Nd5 28. Bxd5 cxd5 29. Ra5 Ree2 30. Rf1 b5 31. Kg2 Red2 32. a4 bxa4 33.
Rxa4 Rb3 34. Rc1 Rbb2 35. Rf1 Rbc2 36. Kf3 Rc4 37. Rxc4 Rd3+ 38. Ke2 dxc4 39.
Rd1 Ra3 40. Rc1 Ra4 41. Kd2 Kf8 42. Ke3 Ke7 43. Ke4 Kd6 1/2-1/2

[Event "6eme Open d'Echecs de Saint-Chely d'Aub"]
[Site "Saint-Chely d'Aubrac (12)"]
[Date "2006.07.18"]
[Round "5.14"]
[White "Rabier, Jean"]
[Black "Weck, Myriam"]
[Result "1-0"]
[WhiteElo "1972"]
[BlackElo "1803"]
[PlyCount "73"]

1. e4 b6 2. d4 Bb7 3. f3 e6 4. Bd3 Nc6 5. Be3 Nf6 6. Nd2 d5 7. e5 Nd7 8. c3 Be7
9. Ne2 O-O 10. Qc2 h6 11. g4 Bh4+ 12. Ng3 Ncb8 13. Rc1 c5 14. Qb1 Nc6 15. a3 c4
16. Bc2 b5 17. Ke2 Nb6 18. f4 a5 19. f5 Bg5 20. Nf3 Bxe3 21. Kxe3 exf5 22. gxf5
f6 23. e6 b4 24. Rcg1 Qe8 25. Qf1 Bc8 26. Qh3 Ra7 27. Nh4 g5 28. Ng6 Rff7 29.
Kd2 Rh7 30. Nh5 Qd8 31. Qe3 Rab7 32. Re1 b3 33. Bb1 Na4 34. Kc1 Rhg7 35. Nxg7
Kxg7 36. h4 Ne7 37. hxg5 1-0

[Event "6eme Open d'Echecs de Saint-Chely d'Aub"]
[Site "Saint-Chely d'Aubrac (12)"]
[Date "2006.07.18"]
[Round "5.15"]
[White "Lengert, Vincent"]
[Black "Joli, Laurent"]
[Result "1/2-1/2"]
[WhiteElo "1786"]
[BlackElo "1944"]
[PlyCount "29"]

1. e4 c5 2. Nf3 Nc6 3. Bb5 Qc7 4. Nc3 e6 5. d3 h6 6. Bxc6 bxc6 7. O-O Nf6 8. h3
Be7 9. e5 Nd5 10. Ne4 f5 11. exf6 Nxf6 12. Nh4 d6 13. Re1 Kd8 14. Ng6 Rg8 15.
Qf3 1/2-1/2

[Event "6eme Open d'Echecs de Saint-Chely d'Aub"]
[Site "Saint-Chely d'Aubrac (12)"]
[Date "2006.07.18"]
[Round "5.16"]
[White "Weigel, Marie"]
[Black "Gouillart, Sylvain"]
[Result "1-0"]
[WhiteElo "1720"]
[BlackElo "1888"]
[PlyCount "43"]

1. d4 Nf6 2. g3 e6 3. Bg2 d5 4. Nf3 c5 5. O-O Nc6 6. e3 Bd7 7. c4 dxc4 8. Ne5
Qc7 9. Nxc4 Rd8 10. Nc3 a6 11. d5 exd5 12. Nxd5 Nxd5 13. Qxd5 Be7 14. Qh5 O-O
15. b3 b5 16. Nd2 Bf6 17. Rb1 Nb4 18. Ba3 {(=)} 18... Bf5 19. Qxf5 Rxd2 20. Be4
Rfd8 21. Rbc1 Qe7 22. Qxh7+ 1-0

[Event "6eme Open d'Echecs de Saint-Chely d'Aub"]
[Site "Saint-Chely d'Aubrac (12)"]
[Date "2006.07.18"]
[Round "5.17"]
[White "Viennot, Dylan"]
[Black "Boulet, Stephane"]
[Result "0-1"]
[WhiteElo "1510"]
[BlackElo "1886"]
[PlyCount "82"]

1. e4 e5 2. Nf3 Nf6 3. Nxe5 d6 4. Nf3 Nxe4 5. Bc4 d5 6. Bb3 Nc5 7. d4 Nxb3 8.
axb3 Bd6 9. h3 O-O 10. O-O c6 11. Nc3 Bf5 12. Ne2 Re8 13. Re1 Nd7 14. Be3 Qf6
15. Bg5 Qg6 16. Qd2 Bxc2 17. Bf4 Be4 18. Nh4 Qf6 19. Bg5 Qe6 20. f3 f6 21. Bf4
Bg6 22. Nxg6 hxg6 23. Qc2 f5 24. Nc3 Qf6 25. Bxd6 Qxd6 26. Kf2 Qf6 27. Qd2 a6
28. Na4 Kf7 29. Nc5 Nxc5 30. dxc5 Re7 31. Rxe7+ Qxe7 32. b4 Re8 33. Re1 Qxe1+
34. Qxe1 Rxe1 35. Kxe1 f4 36. Kd2 Kf6 37. h4 g5 38. h5 Kf5 39. Ke2 g4 40. Kf2
Kg5 41. fxg4 Kxg4 0-1

[Event "6eme Open d'Echecs de Saint-Chely d'Aub"]
[Site "Saint-Chely d'Aubrac (12)"]
[Date "2006.07.18"]
[Round "5.18"]
[White "Carno, Matthias"]
[Black "Michel, Jerome"]
[Result "1-0"]
[WhiteElo "1880"]
[BlackElo "1640"]
[PlyCount "85"]

1. e4 e6 2. d4 d5 3. exd5 exd5 4. Nc3 Nf6 5. Bg5 Be7 6. Nf3 O-O 7. Be2 Bg4 8.
O-O Nc6 9. Re1 h6 10. Bh4 Re8 11. Ne5 Bxe2 12. Rxe2 a6 13. Nxc6 bxc6 14. Qd3
Ne4 15. Bxe7 Qxe7 16. f3 f5 17. fxe4 fxe4 18. Qe3 Rab8 19. b3 Qb4 20. Na4 Rb5
21. Nc5 Rxc5 22. dxc5 d4 23. Qd2 Qxc5 24. Kh1 Qe5 25. Rae1 Rf8 26. Kg1 e3 27.
Qd3 c5 28. Qxa6 Rf6 29. Qc4+ Kh7 30. Qd3+ Kg8 31. a4 Rf8 32. a5 Ra8 33. Ra1 c6
34. a6 Qe7 35. Ree1 Qe5 36. Qg6 Qf6 37. Qxf6 gxf6 38. a7 Kf7 39. Kf1 Ke6 40.
Ke2 Ke5 41. Kd3 f5 42. Rf1 h5 43. Ra5 1-0

[Event "6eme Open d'Echecs de Saint-Chely d'Aub"]
[Site "Saint-Chely d'Aubrac (12)"]
[Date "2006.07.18"]
[Round "5.19"]
[White "Desboeufs, Claude"]
[Black "Lengert, Martin"]
[Result "0-1"]
[WhiteElo "1580"]
[BlackElo "1871"]
[PlyCount "74"]

1. c4 e6 2. Nc3 Nf6 3. d4 d5 4. cxd5 exd5 5. Bf4 c6 6. Nf3 Be7 7. g3 Bf5 8. Bg2
O-O 9. Nh4 Be6 10. h3 Nh5 11. e3 Nxf4 12. exf4 Bxh4 13. gxh4 Qxh4 14. Qd2 Nd7
15. O-O-O Rfe8 16. Ne2 Qxf2 17. Ng1 Qxd2+ 18. Rxd2 Bf5 19. Nf3 Re4 20. Ne5 Rxf4
21. Re1 Kf8 22. Rde2 Rxd4 23. Nxd7+ Bxd7 24. Re7 Rd8 25. b3 Re8 26. Rxe8+ Bxe8
27. Bf3 Bd7 28. Rh1 Rh4 29. Bg2 g5 30. Kd2 g4 31. Ke3 gxh3 32. Bf3 d4+ 33. Kd3
Bf5+ 34. Kc4 d3+ 35. Kc5 Ke7 36. Re1+ Kd7 37. Re5 b6# 0-1

[Event "6eme Open d'Echecs de Saint-Chely d'Aub"]
[Site "Saint-Chely d'Aubrac (12)"]
[Date "2006.07.18"]
[Round "5.20"]
[White "Lagunes, Matthieu"]
[Black "Perrin, Yannick"]
[Result "1-0"]
[WhiteElo "1860"]
[BlackElo "1620"]
[PlyCount "39"]

1. e4 e5 2. Nf3 Nc6 3. Bc4 Bc5 4. c3 Nf6 5. d3 h6 6. O-O d6 7. Bb3 Bg4 8. Nbd2
O-O 9. Re1 Re8 10. Nf1 Bb6 11. h3 Bh5 12. Ng3 Bg6 13. Nh4 Bh7 14. Nhf5 Qd7 15.
Qf3 Ne7 16. Nxh6+ Kf8 17. Nh5 Ng6 18. Nxf6 gxf6 19. Bxf7 Re7 20. Bxg6 1-0

[Event "6eme Open d'Echecs de Saint-Chely d'Aub"]
[Site "Saint-Chely d'Aubrac (12)"]
[Date "2006.07.18"]
[Round "5.21"]
[White "Messinger, Karl"]
[Black "Sidibe, Malika"]
[Result "0-1"]
[WhiteElo "1480"]
[BlackElo "1815"]
[PlyCount "72"]

1. e4 c5 2. Nf3 Nc6 3. d4 cxd4 4. Nxd4 e5 5. Nb5 a6 6. Nd6+ Bxd6 7. Qxd6 Qf6 8.
Qxf6 Nxf6 9. Bd3 d5 10. exd5 Nb4 11. a3 Nxd3+ 12. cxd3 Bf5 13. O-O O-O-O 14.
Nc3 Nxd5 15. Ne4 Ne7 16. Bg5 Rxd3 17. Bxe7 Bxe4 18. Rfe1 Re8 19. Rxe4 Rxe7 20.
h3 Rd2 21. Rae1 f6 22. f4 Rd5 23. fxe5 Rdxe5 24. Rxe5 fxe5 25. Kf2 Kd7 26. Kf3
Kd6 27. Ke4 Kc5 28. Re3 Kd6 29. Kf5 Kd5 30. Rd3+ Kc4 31. Rc3+ Kd4 32. Rc1 Kd3
33. Re1 e4 34. Kf4 e3 35. Rd1+ Kc2 36. Re1 Kd2 0-1

[Event "6eme Open d'Echecs de Saint-Chely d'Aub"]
[Site "Saint-Chely d'Aubrac (12)"]
[Date "2006.07.18"]
[Round "5.22"]
[White "De Biasi, Robert"]
[Black "Schneider, Alec"]
[Result "1-0"]
[WhiteElo "1818"]
[BlackElo "1550"]
[PlyCount "45"]

1. e4 e5 2. Nf3 Nf6 3. Nxe5 Qe7 4. d4 d6 5. Nf3 Nxe4 6. Be3 Nc6 7. Be2 g6 8.
Nbd2 Nxd2 9. Qxd2 Bg7 10. O-O O-O 11. c3 Bf5 12. Rfe1 Rfe8 13. Bd3 Bxd3 14.
Qxd3 Qe4 15. Qd2 Re7 16. Bg5 Qf5 17. Bxe7 Nxe7 18. Rxe7 Rc8 19. Rae1 Bf8 20.
R7e4 d5 21. Re5 Qd7 22. Qd1 Bg7 23. R5e2 1-0

[Event "6eme Open d'Echecs de Saint-Chely d'Aub"]
[Site "Saint-Chely d'Aubrac (12)"]
[Date "2006.07.18"]
[Round "5.23"]
[White "Sauvan, Olivier"]
[Black "Gazel, Bruno"]
[Result "1-0"]
[WhiteElo "2017"]
[BlackElo "1520"]
[PlyCount "87"]

1. d4 Nf6 2. c4 g6 3. Nc3 Bg7 4. e4 d6 5. Nf3 O-O 6. Be2 e5 7. Be3 Ng4 8. Bg5
f6 9. Bh4 g5 10. Bg3 Nd7 11. O-O Nh6 12. d5 f5 13. exf5 Nxf5 14. Ne4 Nxg3 15.
fxg3 h6 16. Qc2 Nf6 17. Nxf6+ Rxf6 18. Bd3 Bg4 19. Rf2 Bxf3 20. gxf3 Qe7 21.
Raf1 Raf8 22. Kg2 Kh8 23. h3 a5 24. Qa4 b6 25. a3 Qe8 26. Qc2 Qe7 27. b4 axb4
28. axb4 Qf7 29. Be4 Ra8 30. c5 Ra7 31. Rc1 Qd7 32. cxd6 cxd6 33. Qc8+ Qxc8 34.
Rxc8+ Bf8 35. Rc6 Rb7 36. Ra2 Be7 37. Ra6 Bd8 38. Ra8 Rd7 39. Rxb6 Kg7 40. Rbb8
Rf8 41. b5 Be7 42. Rxf8 Bxf8 43. b6 Rb7 44. Ra7 1-0

[Event "6eme Open d'Echecs de Saint-Chely d'Aub"]
[Site "Saint-Chely d'Aubrac (12)"]
[Date "2006.07.18"]
[Round "5.24"]
[White "Carabetta, Gaetan"]
[Black "Lassis, Patrick"]
[Result "0-1"]
[WhiteElo "1520"]
[BlackElo "1760"]
[PlyCount "90"]

1. d4 Nf6 2. Nf3 e6 3. Bf4 d5 4. e3 c5 5. c3 Qb6 6. Qc2 Nc6 7. Nbd2 Be7 8. Be2
Bd7 9. O-O Rc8 10. Rfe1 O-O 11. Ne5 cxd4 12. exd4 Nxd4 13. Nxd7 Nxd7 14. Qa4
Nxe2+ 15. Rxe2 Nf6 16. Qc2 Rfd8 17. Qb3 Bc5 18. Qxb6 Bxb6 19. Bg5 d4 20. Bxf6
gxf6 21. cxd4 Bxd4 22. Nf3 Bb6 23. b3 Rc6 24. Rd2 Rxd2 25. Nxd2 Rc2 26. Ne4 f5
27. Nf6+ Kg7 28. Ne8+ Kf8 29. Nf6 Bxf2+ 30. Kf1 Bd4 31. Nd7+ Ke7 32. Rd1 e5 33.
Rxd4 exd4 34. Ne5 Rxa2 35. Nf3 d3 36. Ne5 d2 37. Ke2 Rb2 38. Nc4 Rxb3 39. Nxd2
Rb2 40. Kd3 a5 41. h3 a4 42. Kc3 a3 43. Nc4 Rxg2 44. Nxa3 Rg3+ 45. Kb4 Rxa3 0-1

[Event "6eme Open d'Echecs de Saint-Chely d'Aub"]
[Site "Saint-Chely d'Aubrac (12)"]
[Date "2006.07.18"]
[Round "5.25"]
[White "Trzesniower, Jacques"]
[Black "Marie, Olivier"]
[Result "1-0"]
[WhiteElo "1550"]
[BlackElo "1750"]
[PlyCount "129"]

1. Nf3 d6 2. g3 e5 3. e4 g6 4. Bg2 Bg7 5. O-O Ne7 6. d3 O-O 7. c3 Nbc6 8. Nbd2
f5 9. Qb3+ Kh8 10. Ng5 Qe8 11. Ne6 Bxe6 12. Qxe6 f4 13. Qb3 Qd7 14. Nf3 h6 15.
Qc2 g5 16. h3 g4 17. hxg4 Qxg4 18. Nh2 Qg6 19. g4 Bf6 20. f3 Bh4 21. Bd2 Qf6
22. Be1 Ng6 23. Bxh4 Nxh4 24. Bh3 Nd8 25. Kf2 Ne6 26. Rg1 Ng6 27. Kf1 Rf7 28.
Qg2 Rg7 29. Ke2 Rd8 30. g5 Nxg5 31. Ng4 Qe6 32. Rh1 Rh7 33. Rag1 Nxh3 34. Rxh3
Kg7 35. Rgh1 Qxa2 36. Kf1 Qb1+ 37. Kf2 Qxb2+ 38. Kg1 Qxg2+ 39. Kxg2 Rdh8 40.
Ra1 a6 41. Rb1 b6 42. d4 h5 43. Nf2 Ra8 44. dxe5 dxe5 45. Rd1 Kf6 46. Rdh1 Rhh8
47. Rxh5 Rxh5 48. Rxh5 Rg8 49. Ng4+ Ke7 50. Kf2 Kd6 51. Nf6 Rf8 52. Ng4 Re8 53.
Nh6 Re6 54. Nf7+ Kc5 55. Nd8 Re7 56. Rh6 Rd7 57. Ne6+ Kc4 58. Rxg6 Kxc3 59. Rg5
Rd2+ 60. Ke1 a5 61. Nxc7 a4 62. Nb5+ Kd3 63. Rxe5 Rb2 64. Rd5+ Ke3 65. Nd6 1-0

[Event "6eme Open d'Echecs de Saint-Chely d'Aub"]
[Site "Saint-Chely d'Aubrac (12)"]
[Date "2006.07.18"]
[Round "5.26"]
[White "Magnier, Patrice"]
[Black "Bou, Georges"]
[Result "1-0"]
[WhiteElo "2080"]
[BlackElo "1420"]
[PlyCount "51"]

1. e4 e5 2. Nf3 Nc6 3. Bb5 a6 4. Ba4 Nf6 5. O-O Be7 6. Re1 b5 7. Bb3 d6 8. c3
O-O 9. h3 Bb7 10. d4 exd4 11. cxd4 Na5 12. Bc2 c5 13. d5 Nd7 14. Bf4 Re8 15.
Nc3 Bf6 16. Qd3 Nc4 17. e5 Ncxe5 18. Qxh7+ Kf8 19. Kh1 Qc7 20. Rad1 Ke7 21.
Nxe5 Nxe5 22. Bxe5 Kd8 23. Bxf6+ gxf6 24. Rxe8+ Kxe8 25. Re1+ Kd8 26. Qg8+ 1-0

[Event "6eme Open d'Echecs de Saint-Chely d'Aub"]
[Site "Saint-Chely d'Aubrac (12)"]
[Date "2006.07.18"]
[Round "5.27"]
[White "Lefebvre, Stephane"]
[Black "Casasnovas, Vincent"]
[Result "1-0"]
[WhiteElo "1810"]
[BlackElo "1570"]
[PlyCount "99"]

1. e4 d6 2. d4 Nf6 3. Bd3 c6 4. Ne2 Nbd7 5. O-O e5 6. dxe5 Nxe5 7. f4 Nxd3 8.
Qxd3 Qb6+ 9. Be3 Qc7 10. Nbc3 Ng4 11. Rad1 Nxe3 12. Qxe3 Be7 13. Qg3 Bf6 14.
Kh1 Be6 15. Nd4 Bc4 16. Rfe1 O-O-O 17. e5 Be7 18. Qg4+ Kb8 19. e6 g6 20. exf7
Bxf7 21. Ne6 Qd7 22. Qe2 Bxe6 23. Qxe6 Qxe6 24. Rxe6 24... Rd7 {(=)} 25. Rde1
Re8 26. g4 Kc7 27. f5 gxf5 28. gxf5 Kd8 29. f6 Rg8 30. Rxe7 Rxe7 31. Rxe7 Rf8
32. Rxb7 Rxf6 33. Ne4 Re6 34. Ng3 h6 35. Rxa7 d5 36. Rh7 Rf6 37. Kg2 c5 38. h4
d4 39. b3 Rc6 40. Ne2 Rg6+ 41. Kf3 Re6 42. a4 Rb6 43. Ke4 d3 44. Kxd3 Rd6+ 45.
Kc3 Kc8 46. Nc1 Re6 47. Nd3 Rc6 48. Kc4 Rg6 49. Kxc5 Rg2 50. Nb4 1-0

[Event "6eme Open d'Echecs de Saint-Chely d'Aub"]
[Site "Saint-Chely d'Aubrac (12)"]
[Date "2006.07.18"]
[Round "5.28"]
[White "Gipouloux, Laurent"]
[Black "Etienne, Adrien"]
[Result "1-0"]
[WhiteElo "1806"]
[BlackElo "1550"]
[PlyCount "53"]

1. e4 c5 2. Nf3 e6 3. d4 cxd4 4. Nxd4 Nf6 5. Nc3 d6 6. Bg5 Be7 7. Qd2 Bd7 8.
O-O-O Nc6 9. f3 a6 10. Nxc6 Bxc6 11. h4 O-O 12. Ne2 Rc8 13. Nd4 Bd7 14. g4 h6
15. Be3 Ne8 16. Bd3 Qc7 17. h5 f6 18. f4 e5 19. Nf5 Bxf5 20. gxf5 b5 21. fxe5
dxe5 22. Rdg1 Kf7 23. Bxb5 Rd8 24. Bd3 a5 25. Qxa5 Bd6 26. Qd5+ Ke7 27. Qe6#
1-0

[Event "6eme Open d'Echecs de Saint-Chely d'Aub"]
[Site "Saint-Chely d'Aubrac (12)"]
[Date "2006.07.18"]
[Round "5.29"]
[White "Maurand, Sylvain"]
[Black "Viennot, Kevin"]
[Result "1-0"]
[WhiteElo "1760"]
[BlackElo "1540"]
[PlyCount "91"]

1. e4 c6 2. d4 d5 3. exd5 cxd5 4. Nf3 Bg4 5. Bd3 Nc6 6. c3 e6 7. Be3 Bd6 8.
Nbd2 Nf6 9. Qc2 Qc7 10. h3 Bh5 11. O-O Rc8 12. a3 a6 13. Rae1 Bg6 14. Ne5 Nxe5
15. dxe5 Bxd3 16. Qxd3 Bxe5 17. f4 Bd6 18. f5 e5 19. Bg5 e4 20. Bxf6 gxf6 21.
Qxd5 Bc5+ 22. Kh1 e3 23. Ne4 O-O 24. Qxc5 Qxc5 25. Nxc5 Rxc5 26. Rxe3 Re5 27.
Rxe5 fxe5 28. f6 Re8 29. g4 h6 30. h4 Kh7 31. Kg2 Kg6 32. h5+ Kh7 33. Kf3 Re6
34. Ke4 Kg8 35. Rf5 b6 36. c4 a5 37. b4 axb4 38. axb4 Rc6 39. Kd5 Re6 40. c5
bxc5 41. bxc5 e4 42. c6 e3 43. c7 Re8 44. Re5 Rc8 45. Kc6 e2 46. Rxe2 1-0